000
00328nam a2200133Ia 4500
005
20260328104301.0
008
260328s9999||||xx |||||||||||||| ||und||
100
_a
Cortázar, Julio
245
0
_a
Las Armas Secretas /
_c
Julio Cortázar
260
_b
Cátedra
300
_a
215 p.
650
_a
CUENTOS ARGENTINOS
942
_c
BK
999
_c
10612
_d
10612